Responses for Show #2185 - Friday, February 18, 1994

1994 Teen Tournament quarterfinal game 5.

Contestants

[<< previous game]

Peter Steffen, a senior from New Hampton, Iowa

Rebecca Sinderbrand, a senior from Brooklyn, New York

E.J. Sieracki, a senior from Canton, Michigan

[next game >>]

Jeopardy! Round responses

DOGS
EURO DISNEY
STATE FLAGS
HISTORY
ANAGRAMS
UNRELATED STUFF
    $100 26
toy dogs

Rebecca
    $100 17
Paris

Peter
    $100 6
Hawaii

Rebecca
    $100 1
(E.J.: What is the automobile?)

the Titanic

E.J.Peter
    $100 9
limes (from slime)

Peter
    $100 16
the mice will play

E.J.
    $200 28
a Spaniel

E.J.
    $200 21
a dragon

E.J.
    $200 7
the beaver

E.J.
    $200 2
Nicaragua

Rebecca
    $200 12
a lark (from Karl)

Peter
    $200 18
his blood type

Peter
    $300 29
the greyhound

E.J.
    $300 23
Pirates of the Caribbean

Rebecca
    $300 8
Wisconsin

E.J.
    $300 3
Colonel Gaddafi

Rebecca
    $300 13
mane (from name)

Triple Stumper
    $300 19
nickel

Peter
    $400 30
a terrier

Peter
    $400 24
It's a Small World

E.J.
    $400 10
Washington

E.J.
    $500 4
(Rebecca: Who is King George?)
(Alex: Little bit more than that.)
(Rebecca: Who is King George II?)

King George III

Rebecca
    $400 14
a tone (from note)

E.J.
    $400 20
the National Aeronautics and Space Administration

E.J.
    $500 27
Newfoundland

E.J.
    $500 25
Buffalo Bill

Peter
    $500 11
the palmetto

Triple Stumper
    $500 5
the Dardanelles

Peter
    $500 15
Nepal (from plane)

Rebecca
    $500 22
words

Triple Stumper

Scores at the first commercial break (after clue 15):

E.J. Rebecca Peter
$1,200 $600 $900

Scores at the end of the Jeopardy! Round:

E.J. Rebecca Peter
$3,300 $1,000 $2,400

Double Jeopardy! Round responses

ANCIENT ROME
WORLD LEADERS
EDUCATION
MEDICINE
DANCE
NONFICTION
    $200 1
the Colosseum

Peter
    $200 2
Castro

Peter
    $200 7
Quebec

Peter
    $200 19
the Hippocratic Oath

E.J.
    $200 18
Israel

E.J.
    $200 21
Custer

E.J.
    $400 13
Nero

Peter
    $400 3
Spain

Peter
    $400 8
a bachelor of arts

E.J.
    $400 9
ultrasound

Rebecca
    $400 23
(E.J.: What is Russia?)

Poland

E.J.Peter
    $400 24
Darwin

Peter
    $600 12
catacombs

Peter
    $600 4
Peron

Peter
    $600 14
a seminary

Peter
    $600 20
arthritis

Peter
    $600 28
the guitar

E.J.
    $600 25
Lebanon

Peter
    $800 11
a wolf

Rebecca
    $800 5
(Benazir) Bhutto

Peter
    $800 15
(Peter: What is a... grant?)

a fellowship

RebeccaPeter
    $800 22
malaria

E.J.
    $800 29
bamboo

E.J.
    $1,500 26
the Civil War

Peter
    $1000 10
the Senate

Rebecca
    $1000 6
King Hussein

E.J.
    $1000 16
(Maria) Montessori

Rebecca
    $1,500 17
(Rebecca: What is the American Medical Association?)

the American Heart Association

Rebecca
    $1000 30
(Rebecca: Who is...)

Martha Graham

Rebecca
Triple Stumper
    $1000 27
Margaret Mead

Peter

Scores at the end of the Double Jeopardy! Round:

E.J. Rebecca Peter
$7,100 $2,500 $10,100

Final Jeopardy! Round responses

LEGENDARY PAIRS
RebeccaWho were Arthur & Guinevere?
$2,500
E.J.Who were William & Mary?
$1,000
PeterWho are Arthur & Guinevere?
$4,101
Arthur & Guinevere

Final scores:

E.J. Rebecca Peter
$6,100 $5,000 $14,201
2nd place: $1,000 if eliminated 3rd place: $1,000 if eliminated Automatic semifinalist

Game dynamics:

Coryat scores:

E.J. Rebecca Peter
$7,100 $4,500 $9,400
19 R,
2 W
11 R,
3 W
(including 2 DDs)
24 R
(including 1 DD),
1 W

Combined Coryat: $21,000

[game clues] [game scores] [suggest correction]

Game tape date: 1994-01-03
The J! Archive is created by fans, for fans. Scraping, republication, monetization, and malicious use prohibited; this site may use cookies and collect identifying information. See terms. The Jeopardy! game show and all elements thereof, including but not limited to copyright and trademark thereto, are the property of Jeopardy Productions, Inc. and are protected under law. This website is not affiliated with, sponsored by, or operated by Jeopardy Productions, Inc. Join the discussion at JBoard.tv.